Catálogo
 En Linea

El poder de la información / (Registro nro. 25597)

Detalles MARC
000 -CABECERA
campo de control de longitud fija 00716nam a2200217 a 4500
001 - NÚMERO DE CONTROL
campo de control 000026105
005 - FECHA Y HORA DE LA ÚLTIMA TRANSACCIÓN
campo de control 20200930024315.0
008 - DATOS DE LONGITUD FIJA--INFORMACIÓN GENERAL
campo de control de longitud fija 101013s1973 sp 000 p spa d
020 ## - NÚMERO INTERNACIONAL ESTÁNDAR DEL LIBRO
Número Internacional Estándar del Libro 8472350738
040 ## - FUENTE DE LA CATALOGACIÓN
Centro catalogador/agencia de origen DO-SdBNP
Lengua de catalogación spa
Centro/agencia transcriptor BNPHU
041 ## - CÓDIGO DE LENGUA
Código de lengua del texto/banda sonora o título independiente spa
Código de lengua original fre
Fuente del código Código de idioma MARC
082 ## - NÚMERO DE LA CLASIFICACIÓN DECIMAL DEWEY
Número de clasificación xxx
Número de documento/Ítem S491p
049 ## - FONDOS LOCALES (OCLC)
Fondos de biblioteca BNPD
100 1# - ENTRADA PRINCIPAL--NOMBRE DE PERSONA
Nombre de persona Servan-Schreiber, J. L. ,
9 (RLIN) 53043
240 #0 - TÍTULO UNIFORME
Título uniforme Le pouvoir d'informer
Lenguaje de la obra Español
245 13 - MENCIÓN DE TÍTULO
Título El poder de la información /
Mención de responsabilidad, etc. J. L. Servan-Schreiber; traducción Ricardo Mazo.
260 ## - PUBLICACIÓN, DISTRIBUCIÓN, ETC.
Lugar de publicación, distribución, etc. Barcelona :
Nombre del editor, distribuidor, etc. DOPESA,
Fecha de publicación, distribución, etc. 1973.
300 ## - DESCRIPCIÓN FÍSICA
Extensión 238 p. ;
Dimensiones 17 cm.
500 ## - NOTA GENERAL
Nota general Epílogo a la edición española José Ma. Casasus
534 ## - NOTA SOBRE LA VERSIÓN ORIGINAL
Encabezamiento principal del original Título original :
Mención de título del original Le pouvoir d'informer
Existencias
Estado de retiro Estado de pérdida Restricciones de uso No para préstamo Código de colección Localización permanente Ubicación/localización actual Ubicación en estantería Fecha de adquisición Número de inventario Total de préstamos Signatura topográfica completa Código de barras Fecha visto por última vez Precio válido a partir de Tipo de ítem Koha
      Excluido de préstamo Monografías: Libros y Folletos General General En catalogación 01.03.2011 LF1   xxx S491p 26105-10 25.06.2020 25.06.2020 No se presta

Con tecnología Koha